Journal of researches into the natural history and geology of the countries visited during the voyage of H.M.S. Beagle, round the world, under the command of captain Fitz Roy, R.N. By Charles Darwin, M.A., F.R.S. From the corrected and enlarged edition of 1845. With a biographical introduction. Ninth edition
Saved in:
| Hovedforfatter: | |
|---|---|
| Format: | Bog |
| Sprog: | engelsk |
| Udgivet: |
Londres
Ward, Lock and Co.
1890
|
| Udgivelse: | 9a. ed |
| Fag: | |
| Tags: |
Tilføj Tag
Ingen Tags, Vær først til at tagge denne postø!
|
MARC
| LEADER | 00000nam a2200000 a 4500 | ||
|---|---|---|---|
| 001 | UCJ5904 | ||
| 003 | CL-VaPUC | ||
| 008 | 070124e18900000UK |||||||||||||||||eng|d | ||
| 082 | 0 | 4 | |a 910.4 |b DAR |2 21 |
| 100 | |a Darwin Charles |e author |9 398 | ||
| 245 | 1 | 0 | |a Journal of researches into the natural history and geology of the countries visited during the voyage of H.M.S. Beagle, round the world, under the command of captain Fitz Roy, R.N. By Charles Darwin, M.A., F.R.S. From the corrected and enlarged edition of 1845. With a biographical introduction. Ninth edition |
| 250 | |a 9a. ed | ||
| 300 | |a xix, 381 p | ||
| 942 | |c BK | ||
| 945 | |d 20070124 00:00:00 |a rinostro | ||
| 260 | |a Londres |b Ward, Lock and Co. |c 1890 | ||
| 500 | |a Front., Charles Darwin, grabado | ||
| 600 | 0 | 7 | |a FITZ ROY, ROBERTO |2 CL-VaPUC |9 509032 |
| 650 | 0 | |a Viajes |9 257115 | |
| 650 | 7 | |a DIARIO |2 CL-VaPUC |9 441581 | |
| 650 | 0 | |a Expediciones científicas |9 265222 | |
| 650 | 7 | |a BIOGRAFIA |2 CL-VaPUC |9 504622 | |
| 650 | 0 | |a Geografía |9 259346 | |
| 650 | 0 | |a Geología |9 260984 | |
| 650 | 0 | |a Oceanografía |9 260014 | |
| 650 | 7 | |a GLACIOLOGIA |2 CL-VaPUC |9 330910 | |
| 650 | 0 | |a Volcanismo |9 505517 | |
| 650 | 0 | |a Terremotos |9 267728 | |
| 650 | 7 | |a FLORA |2 CL-VaPUC |9 264745 | |
| 650 | 7 | |a FAUNA |2 CL-VaPUC |9 349523 | |
| 650 | 0 | |a Aborígenes |9 329972 | |
| 650 | 0 | |a Recursos naturales |9 255232 | |
| 650 | 0 | |a Esclavos |9 258558 | |
| 650 | 0 | |a Cultura |9 269059 | |
| 650 | 0 | |a Paleontología |9 314794 | |
| 650 | 7 | |a FOSILES |2 CL-VaPUC |9 370434 | |
| 650 | 7 | |a GENOCIDIOS |2 CL-VaPUC |9 504579 | |
| 650 | 7 | |a TIPOS HUMANOS |2 CL-VaPUC |9 504574 | |
| 650 | 7 | |a GAUCHOS |2 CL-VaPUC |9 317962 | |
| 650 | 7 | |a HUASOS |2 CL-VaPUC |9 511842 | |
| 650 | 0 | |a Fueguinos |9 417010 | |
| 650 | 7 | |a CANIBALISMO |2 CL-VaPUC |9 410514 | |
| 650 | 0 | |a Arrecifes coralinos |9 511843 | |
| 650 | 0 | |a Ilustraciones |9 369481 | |
| 650 | 0 | |a Iconografía |9 267998 | |
| 650 | 0 | |a Publicidad comercial |9 377167 | |
| 650 | 7 | |a LIBRERIA |2 CL-VaPUC |9 511844 | |
| 651 | 0 | |a Brasil |9 267393 | |
| 651 | 0 | |a Uruguay |9 255194 | |
| 651 | 0 | |a Argentina |9 254888 | |
| 651 | 7 | |a CHILE |2 CL-VaPUC |9 511845 | |
| 651 | 0 | |a Santiago |9 265444 | |
| 651 | 0 | |a Limache |9 364999 | |
| 651 | 7 | |a LA CAMPANA |2 CL-VaPUC |9 511846 | |
| 651 | 0 | |a Chiloé |9 265209 | |
| 651 | 0 | |a Magallanes |9 265180 | |
| 651 | 0 | |a Tierra del Fuego |9 345728 | |
| 651 | 0 | |a Cabo de Hornos |9 357948 | |
| 651 | 7 | |a FALKLAND |2 CL-VaPUC |9 510935 | |
| 651 | 7 | |a GALAPAGOS |2 CL-VaPUC |9 510923 | |
| 651 | 0 | |a Perú |9 256567 | |
| 651 | 7 | |a POLINESIA |2 CL-VaPUC |9 511847 | |
| 651 | 7 | |a TAHITI |2 CL-VaPUC |9 266824 | |
| 651 | 0 | |a Australia |9 262077 | |
| 651 | 0 | |a Valparaíso, Chile |9 261144 | |
| 583 | |a last modification |c 20070124 00:00:00 |k Rodrigo Vera | ||
| 999 | |c 322012 |d 322010 | ||
| 952 | |0 0 |1 0 |4 0 |6 910_400000000000000_DAR_1890 |7 0 |8 X |9 400917 |a FDOBUD |b FDOBUD |d 2019-11-22 |i 1017942 |o 910.4 DAR 1890 |p 1017942 |r 2019-11-22 |w 2019-11-22 |y BK_X |k BUD | ||